000 00625nam a22001695i 4500
001 158936
003 ES-MaACL
005 20230906211401.0
008 011029s1879 sp |||| | spa d
040 _aEXT
_bspa
_cEXT
100 1 _aMartínez, Pedro V.
_9129663
245 1 0 _aHistoria de una denuncia y apuntes sobre algunas irregularidades... /
_cpor Pedro V. Martinez; ... primera parte.
250 _a1ª ed.
260 _aMadrid :
_b[s.n.],
_c1879 (
_fR. Velasco, impresor)
300 _aV, 223 p. ;
_c17 cm.
852 _aES-MaACL
_jT-344-F-5
_z-- Enc. hol.
_q-- Falto de la cub. original
_z-- Enc. en un vol. facticio
999 _c158936
_d158936